000 00296nam a22001337a 4500
008 171222b xxu||||| |||| 00| 0 eng d
020 _a9780815153733
041 _aeng
080 _a610.73
100 _a2
101 _aINF
245 _aMEDICAL SURGICAL NURSING
_cLEWIS,SH,M
942 _2udc
_cBK
999 _c39322
_d39322